<?xml version="1.0" encoding="UTF-8"?>
<marc:record xmlns:marc="http://www.loc.gov/MARC21/slim">
   <marc:leader>00000nam a2200000 a 4500</marc:leader>
   <marc:datafield ind1="1" ind2=" " tag="100">
      <marc:subfield code="a">Stewart-Sharpe,Leisa</marc:subfield>
      <marc:subfield code="4">aut</marc:subfield>
      <marc:subfield code="e">Verfasser/-in</marc:subfield>
   </marc:datafield>
   <marc:datafield ind1="0" ind2="0" tag="245">
      <marc:subfield code="a">Unser grüner Planet     Die Pflanzen</marc:subfield>
   </marc:datafield>
   <marc:datafield ind1="0" ind2="0" tag="245">
      <marc:subfield code="c">Leisa Stewart-Sharpe und Kim Smith ; mit einem Vorwort von Chris Packham</marc:subfield>
   </marc:datafield>
   <marc:datafield ind1=" " ind2="1" tag="264">
      <marc:subfield code="a">München</marc:subfield>
      <marc:subfield code="b">cbj</marc:subfield>
      <marc:subfield code="c">2022</marc:subfield>
   </marc:datafield>
   <marc:datafield ind1="1" ind2=" " tag="520">
      <marc:subfield code="a">Quelle: bn.bibliotheksnachrichten (http://www.biblio.at/literatur/bn/index.html); #Autor: Anna Goiginger; #Tiefe Einblicke in die wundervolle Welt der Pflanzen. (ab 8) (JN)#Die Pflanzenwelt steht zumeist im Schatten des spektakulären Tierreiches, wobei, bei näherem Hinsehen, Pflanzen Erstaunliches leisten und ebenso faszinieren. Wir sollten uns nicht nur ästhetisch von ihnen berühren lassen, sondern auch von der Wichtigkeit des symbiotischen Verhältnisses mit uns Menschen. Denn ohne die Pflanzen ist ein Leben auf der Erde nicht möglich, sodass uns der Schutz der Pflanzen ein großes Anliegen sein sollte. Angelehnt an die BBC-Reihen wird in diesem Kindersachbuch auf verschiedene Welten eingegangen, anhand derer die faszinierende Wirkweise der Pflanzen erklärt wird (Tropischer Regenwald, Wasserwelten, u. a.). Im Unterschied zu ähnlichen Titeln arbeitet dieses Sachbuch mit Kuriositäten der Pflanzenwelt und wie es diese durch Tricks schaffen, ihren Fortbestand zu sichern. Nicht nur in deren topografischen Habitaten sind Pflanzen wahre Stars, sondern auch ihre Anpassungsfähigkeit im Laufe eines Jahres ist erstaunlich. Gegen Ende des Buches wird es dann noch einmal ernst: Die Pflanzenwelt unterliegt einer permanenten Gefährdung durch den Menschen. Wir sind gefordert, auf diesen unscheinbaren Erdenmitbewohner Rücksicht zu nehmen. Ganz im Sinne der Protagonisten ist Grün die dominierende Farbe, aber es wird nichtsdestotrotz sehr bunt auf den 64 Seiten des Buches, sodass wir regelrecht in den Welten versinken  obschon die Naturtreue nicht vollends erreicht wird. Umfangreiche Textblöcke geben allerhand Informationen, haben die Grenze zum Überladensein jedoch nicht überschritten. Gerade der Informationsreichtum macht es zu einem Buch, welches sich nicht in einem Ritt durchweg lesen lässt  empfehlenswert ist das Schmökern in einzelnen Welten. Mit kleinen Abstrichen dennoch ein sehr reichhaltiges Sachbuch mit einer wichtigen Botschaft, welches Kinder im Volksschulalter anspricht.</marc:subfield>
   </marc:datafield>
   <marc:datafield ind1=" " ind2=" " tag="020">
      <marc:subfield code="a">9783570178638</marc:subfield>
      <marc:subfield code="9">9783570178638</marc:subfield>
   </marc:datafield>
   <marc:datafield ind1=" " ind2=" " tag="041">
      <marc:subfield code="a">ger</marc:subfield>
   </marc:datafield>
   <marc:datafield ind1=" " ind2=" " tag="300">
      <marc:subfield code="a">64 ungezählte Seiten</marc:subfield>
   </marc:datafield>
</marc:record>
